000 00681nam a2200241 a 4500
001 74520
003 BD-RjUL
005 20211209082550.0
008 181011r19751933n a|||| |||| 00| 0 eng d
020 _a0521060303
035 _a(BD-RjUL)74738
040 _aBD-RjUL
_beng
_cBD-RjUL
041 _aeng
082 _223
_a531.11
_bRAD 1975
100 1 _aRamsey, A.S.
_9223667
245 1 0 _aDynamics /
_bA. S. Ramsey
250 _aE.L.B.S ed.
260 _aLondon :
_bThe English Language book Society and Cambridge University Press ,
_c1961 [Reprint 1975]
300 _aXii , 259 p. :
_bill. ;
_c22 cm
505 _aPt. 1. --
650 _aDynamics
_9223668
942 _2ddc
_cBK
999 _c74520
_d74520